000 00491nam a22001697a 4500
003 BDDh-ASL
005 20231015031026.0
008 220927s1890 p ||||| |||| 00| 0 u d
040 _aBDDh-ASL
_cBDDh-ASL
082 _a297
_bNUA
100 1 _96640
_aNuruddin, Maulavi
245 1 0 _aAbtalul Wahiyat-e Masih : / ابطال الوہیت مسیح
260 _aLahore :
_bIslamia Press ,
_c1890.
300 _a44 p. :
_c22 cm.
650 0 _96641
_aComparative Religion
942 _2ddc
_cBK
999 _c29393
_d29393